[Event "Torino Province-ch"]
[Site "Torino"]
[Date "2012.03.27"]
[Round "6"]
[White "Marvin, Elio"]
[Black "Gastaldi, Franco"]
[Result "1/2-1/2"]
[WhiteElo "1688"]
[BlackElo "1566"]
[PlyCount "121"]
[EventDate "2012.02.21"]
[EventType "swiss"]
[EventRounds "7"]
[EventCountry "ITA"]
[SourceTitle "EXT 2015"]
[Source "ChessBase"]
[SourceDate "2014.11.20"]
[SourceVersion "1"]
[SourceVersionDate "2014.11.20"]
[SourceQuality "1"]

1. e4 d5 2. Nc3 d4 3. Nce2 e5 4. d3 Nf6 5. Nf3 Nc6 6. h3 h6 7. g3 Be6 8. Bg2 Bd6 9. a3 Ne7 10. Nexd4 exd4 11. e5 Bxe5 12. Nxe5 Bd5 13. 0-0 Bxg2 14. Kxg2 Qd5+ 15. Nf3 0-0-0 16. Kh2 g5 17. Ng1 Rdg8 18. c4 dxc3 19. bxc3 h5 20. f3 h4 21. g4 Ng6 22. c4 Qe5+ 23. f4 Qxa1 24. fxg5 Qe5+ 25. Kh1 Nh7 26. Qd2 Qe6 27. Bb2 Qc6+ 28. Kh2 Qd6+ 29. Kh1 Ne5 30. Qa5 Nc6 31. Qf5+ Qe6 32. Bxh8 Qxf5 33. Rxf5 Rxh8 34. Nf3 Nd8 35. Kg2 Kd7 36. d4 Re8 37. Kf2 Ke7 38. d5 c6 39. Nxh4 cxd5 40. cxd5 Kd6 41. Nf3 b5 42. h4 a5 43. h5 Rg8 44. Ke3 b4 45. axb4 axb4 46. Kd4 Re8 47. g6 fxg6 48. hxg6 Nf8 49. g7 Nd7 50. Ng5 Rg8 51. Ne4+ Ke7 52. d6+ Ke8 53. Rb5 Rxg7 54. g5 b3 55. Kc3 Ne6 56. Nf6+ Nxf6 57. gxf6 Rf7 58. Rb8+ Nd8 59. Kxb3 Rxf6 60. Kc4 Rxd6 61. Kc5 1/2-1/2

[Event "Torino Province-ch"]
[Site "Torino"]
[Date "2012.02.28"]
[Round "2"]
[White "Marvin, Elio"]
[Black "Vittoria, Giuseppe"]
[Result "0-1"]
[WhiteElo "1688"]
[BlackElo "1620"]
[PlyCount "120"]
[EventDate "2012.02.21"]
[EventType "swiss"]
[EventRounds "7"]
[EventCountry "ITA"]
[SourceTitle "EXT 2015"]
[Source "ChessBase"]
[SourceDate "2014.11.20"]
[SourceVersion "1"]
[SourceVersionDate "2014.11.20"]
[SourceQuality "1"]

1. e4 d6 2. d4 Nf6 3. Bd3 g6 4. h3 Bg7 5. Nf3 0-0 6. 0-0 c5 7. c3 cxd4 8. cxd4 Nc6 9. Nc3 Bd7 10. a3 Rc8 11. Be3 a6 12. Rc1 b5 13. b4 Nh5 14. g4 Nf6 15. d5 Ne5 16. Nxe5 dxe5 17. Kg2 Ne8 18. Qd2 Nd6 19. Bc5 f6 20. Ne2 Nf7 21. Qa2 Kh8 22. f3 Ng5 23. Rh1 Nf7 24. Be3 Nd6 25. Rxc8 Qxc8 26. Rc1 Qd8 27. Qc2 f5 28. Qc7 Qe8 29. Bc5 fxg4 30. fxg4 Rf6 31. Ng1 Bh6 32. Rf1 Rxf1 33. Kxf1 Qf8+ 34. Ke2 Bc8 35. Nf3 Bf4 36. Bf2 g5 37. Qc3 Qf6 38. Nd4 Kg8 39. Nxb5 axb5 40. Bxb5 Qf8 41. Bd3 Qe8 42. Bc5 h5 43. Bxd6 exd6 44. Qc6 Qxc6 45. dxc6 hxg4 46. hxg4 Bxg4+ 47. Kf2 Bc1 48. a4 Bd2 49. b5 Ba5 50. Bc4+ Kf8 51. Kg3 Bc8 52. Be2 Ke7 53. Bg4 Be6 54. Bxe6 Kxe6 55. Kg4 d5 56. exd5+ Kxd5 57. Kxg5 e4 58. Kg4 e3 59. Kf3 Kd4 60. Ke2 Bb6 0-1

[Event "Torino Bombelli Memorial 11th"]
[Site "Torino"]
[Date "2011.09.09"]
[Round "1"]
[White "Marvin, Elio"]
[Black "Haddad Filho, Paulo Ibrahim"]
[Result "0-1"]
[WhiteElo "1669"]
[BlackElo "1971"]
[PlyCount "106"]
[EventDate "2011.09.09"]
[EventType "swiss"]
[EventRounds "5"]
[EventCountry "ITA"]
[SourceTitle "EXT 2023"]
[Source "ChessBase"]
[SourceDate "2022.10.05"]
[SourceVersion "1"]
[SourceVersionDate "2022.10.05"]
[SourceQuality "1"]

1. e4 e5 2. Nf3 Nc6 3. c4 Nf6 4. d3 d6 5. h3 Be7 6. Be2 0-0 7. 0-0 Re8 8. Be3 Bf8 9. Nc3 g6 10. Re1 Bg7 11. Bf1 Be6 12. Qd2 a6 13. Bg5 Qd7 14. Nd5 Bxd5 15. exd5 Ne7 16. Rad1 c6 17. dxc6 Nxc6 18. Be3 d5 19. Bg5 dxc4 20. dxc4 Qxd2 21. Nxd2 Nb4 22. Bxf6 Bxf6 23. Ne4 Bg7 24. a3 Nc2 25. Re2 Nd4 26. Red2 f5 27. Nd6 Re7 28. c5 h6 29. Bc4+ Kh7 30. b4 a5 31. Nb5 axb4 32. Nxd4 exd4 33. axb4 Ra4 34. Rb1 Bf6 35. Kf1 Kg7 36. Re2 Rc7 37. Bd5 Ra3 38. Rd2 Be5 39. g3 Bf6 40. h4 f4 41. gxf4 Rf3 42. h5 gxh5 43. Ke2 Rxf4 44. Rg1+ Bg5 45. Rd3 h4 46. Rg2 Kf6 47. Kd1 Kf5 48. Ra3 Rg4 49. Rxg4 Kxg4 50. Ke2 Bf4 51. Kf1 h3 52. Ra8 h2 53. Rg8+ Kh3 0-1

[Event "Senigallia op-A"]
[Site "Senigallia"]
[Date "2010.07.31"]
[Round "7"]
[White "Maddaloni, Giovanni"]
[Black "Marvin, Elio"]
[Result "1-0"]
[WhiteElo "1785"]
[BlackElo "1712"]
[PlyCount "129"]
[EventDate "2010.07.25"]
[EventType "swiss"]
[EventRounds "7"]
[EventCountry "ITA"]
[SourceTitle "CBM 137 Extra"]
[Source "ChessBase"]
[SourceDate "2010.09.01"]
[SourceVersion "1"]
[SourceVersionDate "2010.09.01"]
[SourceQuality "1"]

1. e4 e5 2. Nf3 d6 3. Be2 c5 4. 0-0 Be7 5. Re1 Nf6 6. d3 0-0 7. c3 h6 8. Qc2 Nc6 9. a4 a6 10. Nbd2 Be6 11. b3 Rc8 12. Nc4 b6 13. h3 Qc7 14. Bf1 Rfe8 15. Bd2 Bf8 16. Ne3 Ne7 17. c4 a5 18. Nd5 Nfxd5 19. exd5 Bf5 20. Be2 g5 21. Nh2 Bg7 22. Rad1 Bd7 23. Bg4 f5 24. Bh5 Rf8 25. f4 Be8 26. Bxe8 Rcxe8 27. fxg5 f4 28. gxh6 Bxh6 29. Ng4 Bg7 30. Rf1 Nf5 31. Rde1 Qc8 32. Qd1 Ng3 33. Rf3 Qf5 34. Bc1 Qg6 35. Be3 e4 36. dxe4 Nxe4 37. Rxf4 Rxf4 38. Bxf4 Nc3 39. Rxe8+ Qxe8 40. Qf3 Qe1+ 41. Kh2 Ne2 42. Be3 Nd4 43. Qg3 Qxg3+ 44. Kxg3 Nxb3 45. Bf4 Bf8 46. Nf6+ Kf7 47. Ne4 Nd4 48. Kg4 Nc2 49. h4 Na3 50. Bxd6 Nxc4 51. Bxf8 Ne3+ 52. Kg5 Nxd5 53. Bxc5 bxc5 54. Nxc5 Nf6 55. g4 Nd5 56. Nb7 Nc3 57. Nxa5 Nxa4 58. Kf5 Nc5 59. g5 Nd7 60. Nc6 Kg7 61. h5 Nf8 62. Ne5 Kg8 63. h6 Nh7 64. g6 Nf8 65. Ng4 1-0

[Event "Senigallia op-A"]
[Site "Senigallia"]
[Date "2010.07.29"]
[Round "5"]
[White "Cavezzana, Davide"]
[Black "Marvin, Elio"]
[Result "1-0"]
[WhiteElo "1746"]
[BlackElo "1712"]
[PlyCount "63"]
[EventDate "2010.07.25"]
[EventType "swiss"]
[EventRounds "7"]
[EventCountry "ITA"]
[SourceTitle "CBM 137 Extra"]
[Source "ChessBase"]
[SourceDate "2010.09.01"]
[SourceVersion "1"]
[SourceVersionDate "2010.09.01"]
[SourceQuality "1"]

1. e4 e5 2. Nf3 d6 3. d4 exd4 4. Qxd4 Nc6 5. Bb5 Bd7 6. Bxc6 Bxc6 7. Nc3 Nf6 8. Bg5 Be7 9. 0-0-0 0-0 10. Rhe1 h6 11. Bh4 Nd7 12. Bxe7 Qxe7 13. Nd5 Bxd5 14. exd5 Qd8 15. Qh4 Qf6 16. Qxf6 Nxf6 17. h3 Rfe8 18. c4 a5 19. Nd4 Rxe1 20. Rxe1 Re8 21. Rxe8+ Nxe8 22. Nb3 b6 23. Nd4 g6 24. Kd2 Kg7 25. Ke3 Kf6 26. f4 Ke7 27. g4 Ng7 28. Ke4 f6 29. f5 gxf5+ 30. Nxf5+ Nxf5 31. Kxf5 Kf7 32. a4 1-0

[Event "Senigallia op-A"]
[Site "Senigallia"]
[Date "2010.07.28"]
[Round "4"]
[White "Marvin, Elio"]
[Black "Simeone, Giulio"]
[Result "0-1"]
[WhiteElo "1712"]
[BlackElo "1911"]
[PlyCount "96"]
[EventDate "2010.07.25"]
[EventType "swiss"]
[EventRounds "7"]
[EventCountry "ITA"]
[SourceTitle "CBM 137 Extra"]
[Source "ChessBase"]
[SourceDate "2010.09.01"]
[SourceVersion "1"]
[SourceVersionDate "2010.09.01"]
[SourceQuality "1"]

1. e4 c6 2. d4 d5 3. e5 Bf5 4. c3 e6 5. Be2 Ne7 6. h3 c5 7. Nf3 Nec6 8. a3 Qb6 9. 0-0 Be4 10. Nbd2 Bg6 11. dxc5 Bxc5 12. b4 Be7 13. Nb3 Nd7 14. Be3 Qc7 15. Nbd4 Ncxe5 16. Nxe5 Qxe5 17. Qd2 Qc7 18. Nb5 Qd8 19. f4 0-0 20. Nd4 Nf6 21. Rac1 Ne4 22. Qb2 Ng3 23. Rfe1 Bh4 24. Bf2 Ne4 25. Bxh4 Qxh4 26. Bg4 Rac8 27. Rf1 h5 28. Bd1 a6 29. Bb3 Rc7 30. Ne2 Rfc8 31. Rf3 Nd6 32. Rcf1 Be4 33. Rg3 Nc4 34. Qc1 d4 35. Qe1 Qf6 36. Nxd4 Bd5 37. Rg5 Nb6 38. Bxd5 Nxd5 39. Re5 Rxc3 40. f5 Rc1 41. fxe6 Rxe1 42. exf7+ Qxf7 43. Rfxe1 Rc4 44. Nf3 Nf6 45. Re7 Qd5 46. R7e5 Qd3 47. R5e3 Qd8 48. Kh1 Qc8 0-1

[Event "Torino Province-ch"]
[Site "Torino"]
[Date "2010.03.23"]
[Round "7"]
[White "Marvin, Elio"]
[Black "Coqueraut, Jean Dominique"]
[Result "1-0"]
[WhiteElo "1714"]
[BlackElo "1815"]
[PlyCount "137"]
[EventDate "2010.02.09"]
[EventType "swiss"]
[EventRounds "7"]
[EventCountry "ITA"]
[SourceTitle "EXT 2024"]
[Source "ChessBase"]
[SourceDate "2023.10.10"]
[SourceVersion "1"]
[SourceVersionDate "2023.10.10"]
[SourceQuality "1"]

1. e4 d5 2. exd5 Qxd5 3. Nf3 Bg4 4. Be2 Nf6 5. 0-0 c6 6. d4 g6 7. c4 Qd8 8. Nc3 Bg7 9. Be3 0-0 10. Qd2 Na6 11. Rad1 e6 12. h3 Bxf3 13. Bxf3 Qe7 14. a3 Rfd8 15. Qc2 Rd7 16. b4 Rad8 17. Rfe1 Ne8 18. d5 Bxc3 19. Qxc3 cxd5 20. cxd5 b6 21. dxe6 fxe6 22. Rxd7 Rxd7 23. Bf4 Nac7 24. Qc6 Ng7 25. Be5 Kf7 26. Bxg7 Kxg7 27. Bg4 Kf7 28. Re3 Qd6 29. Qc3 Qd4 30. Qb3 Rd6 31. Qc2 Nd5 32. Rd3 Qa1+ 33. Kh2 Qe5+ 34. g3 Ke7 35. h4 Kd7 36. Qa4+ Ke7 37. Qxa7+ Rd7 38. Qa4 Qe4 39. Qd1 h5 40. Bf3 Qf5 41. Bxd5 Rxd5 42. Rd2 b5 43. Qe1 Kd6 44. Qe3 Rxd2 45. Qxd2+ Kc6 46. Qe3 Qd5 47. Kg1 e5 48. f3 Qd1+ 49. Kf2 Qc2+ 50. Qe2 Qc3 51. Qe4+ Kd7 52. Qd5+ Ke7 53. Qxb5 Qd4+ 54. Ke2 Qb2+ 55. Kd1 Qb1+ 56. Ke2 Qb2+ 57. Kf1 Qc1+ 58. Kg2 Qd2+ 59. Kh3 Qe1 60. Qc5+ Ke6 61. Kg2 Qd2+ 62. Qf2 Qc3 63. Qa2+ Kf6 64. b5 Qd4 65. a4 e4 66. fxe4 Qxe4+ 67. Kh2 Qb4 68. Qf2+ Ke5 69. Qf4+ 1-0

[Event "Torino Province-ch"]
[Site "Torino"]
[Date "2010.03.09"]
[Round "5"]
[White "Leoni, Alessandro"]
[Black "Marvin, Elio"]
[Result "1-0"]
[WhiteElo "1871"]
[BlackElo "1714"]
[PlyCount "67"]
[EventDate "2010.02.09"]
[EventType "swiss"]
[EventRounds "7"]
[EventCountry "ITA"]
[SourceTitle "EXT 2024"]
[Source "ChessBase"]
[SourceDate "2023.10.10"]
[SourceVersion "1"]
[SourceVersionDate "2023.10.10"]
[SourceQuality "1"]

1. e4 e5 2. Nf3 d6 3. d4 exd4 4. Nxd4 Nf6 5. Nc3 Be7 6. Bf4 0-0 7. Qd2 a6 8. 0-0-0 Nc6 9. Be2 Nxd4 10. Qxd4 Be6 11. g4 Bxg4 12. Bxg4 Nxg4 13. Rhg1 Bf6 14. Qd2 Ne5 15. Qe3 g6 16. Nd5 Bg7 17. Bh6 Nc4 18. Qh3 Bxb2+ 19. Kb1 Bg7 20. Bxg7 Kxg7 21. Qc3+ Ne5 22. f4 c6 23. Ne3 f6 24. fxe5 fxe5 25. Nf5+ Kh8 26. Nxd6 Qe7 27. Nc4 Rae8 28. Nb6 Rf4 29. Rd7 Qh4 30. Rg3 Rxe4 31. Rh3 Rb4+ 32. Ka1 Qf4 33. Rhxh7+ Kg8 34. Rdg7+ 1-0

[Event "Falconara Marche Estate op-A 3rd"]
[Site "Falconara Marittima"]
[Date "2008.06.??"]
[Round "5"]
[White "Marvin, Elio"]
[Black "Van der Meer, Jeroen"]
[Result "0-1"]
[WhiteElo "1822"]
[BlackElo "2012"]
[PlyCount "72"]
[EventDate "2008.06.21"]
[EventType "swiss"]
[EventRounds "6"]
[EventCountry "ITA"]
[SourceTitle "EXT 2010"]
[Source "ChessBase"]
[SourceDate "2010.11.25"]
[SourceVersion "1"]
[SourceVersionDate "2010.11.25"]
[SourceQuality "1"]

1. e4 d5 2. exd5 Qxd5 3. Nc3 Qd6 4. Nf3 Bg4 5. Be2 Nf6 6. 0-0 c6 7. d3 g6 8. h3 Bf5 9. Nd2 Bg7 10. Nc4 Qc7 11. Bf3 Be6 12. Ne3 0-0 13. Bd2 Nbd7 14. b3 Rac8 15. Re1 Rfd8 16. g4 Nb6 17. Qe2 Rd7 18. Rad1 Rcd8 19. Nf1 Nbd5 20. Ne4 Nxe4 21. dxe4 Nc3 22. Bxc3 Bxc3 23. Rxd7 Rxd7 24. Rd1 Rxd1 25. Qxd1 Qa5 26. Qd3 b5 27. a4 bxa4 28. bxa4 c5 29. Qb5 Qxb5 30. axb5 Bc4 31. Ne3 Bxb5 32. Nd5 Bf6 33. Bg2 Kg7 34. Bf1 Bc6 35. Bc4 Bd4 36. Kf1 e6 0-1

[Event "Piemonte-ch"]
[Site "Turin"]
[Date "2008.04.25"]
[Round "7"]
[White "Marvin, Elio"]
[Black "Trusso Cafarello, Sebastiano"]
[Result "0-1"]
[WhiteElo "1822"]
[BlackElo "1521"]
[PlyCount "134"]
[EventDate "2008.04.20"]
[EventType "swiss"]
[EventRounds "9"]
[EventCountry "ITA"]
[SourceTitle "EXT 2011"]
[Source "ChessBase"]
[SourceDate "2010.11.26"]
[SourceVersion "1"]
[SourceVersionDate "2010.11.26"]
[SourceQuality "1"]

1. e4 e5 2. Nf3 Nc6 3. c4 Nf6 4. d3 h6 5. Be2 Bc5 6. 0-0 d6 7. h3 0-0 8. Nc3 Nd4 9. Nxd4 Bxd4 10. Kh2 c6 11. Qc2 Be6 12. f4 exf4 13. Bxf4 Be5 14. Bxe5 dxe5 15. Rab1 Qc7 16. Bf3 Rad8 17. b3 Rd7 18. Be2 a6 19. c5 Nh7 20. g4 Qd8 21. Kg3 Qg5 22. Qc1 Qe7 23. h4 Qxc5 24. Rb2 b5 25. Rc2 Qe7 26. Nd1 Rc8 27. Rc5 Rdc7 28. Qc2 f6 29. Ne3 Nf8 30. Nf5 Bxf5 31. gxf5 Nd7 32. Rc3 Qd6 33. Qc1 Qd4 34. Rc2 c5 35. a3 Nb6 36. Rd1 Qd6 37. Kf3 Qe7 38. Qe3 Qf7 39. Rdc1 Nd7 40. Rc3 Kh8 41. Kg3 Qe7 42. b4 Qd6 43. bxc5 Rxc5 44. Rxc5 Rxc5 45. Kf3 Rxc1 46. Qxc1 Qc5 47. Qb2 a5 48. Qb3 Nf8 49. d4 exd4 50. Qxb5 Qc3+ 51. Qd3 Qc5 52. a4 Nd7 53. Qb5 Ne5+ 54. Kf2 Qc3 55. Qe8+ Kh7 56. Bh5 Qe3+ 57. Kf1 Qf4+ 58. Kg1 Qg3+ 59. Kf1 d3 60. Qd8 Qxh4 61. Bg6+ Nxg6 62. fxg6+ Kxg6 63. Qxd3 Qf4+ 64. Ke2 Kg5 65. Qd5+ Qe5 66. Ke3 h5 67. Kf3 Qxd5 0-1

[Event "Piemonte-ch"]
[Site "Turin"]
[Date "2008.04.20"]
[Round "1"]
[White "Marvin, Elio"]
[Black "Boetto, Massimo"]
[Result "0-1"]
[WhiteElo "1822"]
[BlackElo "2022"]
[PlyCount "110"]
[EventDate "2008.04.20"]
[EventType "swiss"]
[EventRounds "9"]
[EventCountry "ITA"]
[SourceTitle "EXT 2011"]
[Source "ChessBase"]
[SourceDate "2010.11.26"]
[SourceVersion "1"]
[SourceVersionDate "2010.11.26"]
[SourceQuality "1"]

1. e4 c5 2. c4 Nc6 3. Nf3 g6 4. Be2 Bg7 5. 0-0 e6 6. Nc3 Nge7 7. d3 d6 8. Rb1 a6 9. a3 h6 10. h3 0-0 11. Be3 Nd4 12. Bxd4 cxd4 13. Na2 e5 14. b4 b5 15. Nd2 Be6 16. Nc1 h5 17. Ncb3 f5 18. exf5 Nxf5 19. c5 d5 20. Nf3 e4 21. dxe4 dxe4 22. Nfd2 d3 23. Bxh5 gxh5 24. Qxh5 Bxb3 25. Rxb3 Nd4 26. Rbb1 Ne2+ 27. Kh2 Qd4 28. Qg4 Rae8 29. Rbe1 Rxf2 30. Rxf2 Qxf2 31. Rf1 Qd4 32. Qg6 Qe5+ 33. g3 Qe6 34. Rf6 Qxf6 35. Qxe8+ Qf8 36. Qxe4 Qf2+ 37. Qg2 Qxg2+ 38. Kxg2 Kf8 39. h4 Bf6 40. Ne4 d2 41. Nf2 Nc3 42. Kf3 d1Q+ 43. Nxd1 Nxd1 44. g4 Nc3 45. g5 Bg7 46. h5 Kf7 47. Kf4 Ke6 48. h6 Be5+ 49. Kg4 Nd5 50. Kh5 Kf5 51. c6 Nf4+ 52. Kh4 Ng6+ 53. Kh5 Bf4 54. h7 Bxg5 55. h8Q Nf4# 0-1

[Event "Turin FreeTUR op"]
[Site "Turin"]
[Date "2007.12.11"]
[Round "6"]
[White "Fassio, Francesco"]
[Black "Marvin, Elio"]
[Result "0-1"]
[WhiteElo "1732"]
[BlackElo "1708"]
[PlyCount "54"]
[EventDate "2007.11.06"]
[EventType "swiss"]
[EventRounds "6"]
[EventCountry "ITA"]
[SourceTitle "EXT 2010"]
[Source "ChessBase"]
[SourceDate "2010.11.25"]
[SourceVersion "1"]
[SourceVersionDate "2010.11.25"]
[SourceQuality "1"]

1. c4 e5 2. Nc3 d6 3. e3 Nf6 4. d4 exd4 5. exd4 Be7 6. Be2 0-0 7. Nf3 c6 8. 0-0 d5 9. c5 b6 10. b4 bxc5 11. bxc5 h6 12. Ne5 Re8 13. Qa4 Bxc5 14. Nxc6 Nxc6 15. dxc5 Bd7 16. Qd1 a6 17. Nxd5 Nxd5 18. Bxa6 Nc3 19. Qf3 Qf6 20. Qxf6 gxf6 21. Bd3 Nb4 22. Bd2 Ncxa2 23. Bc4 Be6 24. Bxa2 Nxa2 25. Bxh6 Nc3 26. Rae1 Bc4 27. Rxe8+ Rxe8 0-1

[Event "Turin Piemonte op 6th"]
[Site "Turin"]
[Date "2005.11.27"]
[Round "7"]
[White "Marvin, Elio"]
[Black "Blundo, Michele"]
[Result "1/2-1/2"]
[WhiteElo "1696"]
[BlackElo "1682"]
[PlyCount "71"]
[EventDate "2005.11.18"]
[EventType "swiss"]
[EventRounds "9"]
[EventCountry "ITA"]
[SourceTitle "EXT 2007"]
[Source "ChessBase"]
[SourceDate "2006.11.23"]
[SourceVersion "1"]
[SourceVersionDate "2006.11.23"]
[SourceQuality "1"]

1. e4 c5 2. f4 d6 3. c4 Nc6 4. d3 Nf6 5. Nf3 Bg4 6. Be2 Bxf3 7. Bxf3 e6 8. 0-0 Be7 9. Be3 0-0 10. Nc3 a6 11. a4 Qc7 12. Qd2 Rad8 13. Rfc1 b6 14. b3 d5 15. exd5 exd5 16. cxd5 Nb4 17. d4 Nbxd5 18. Nxd5 Nxd5 19. Bxd5 Rxd5 20. Qe2 Qb7 21. dxc5 Bxc5 22. Bxc5 bxc5 23. Qc4 Rfd8 24. Rab1 Rd2 25. Qf1 Qd5 26. Rc4 Rd6 27. Re1 Re6 28. Rxe6 fxe6 29. Qf3 Qd8 30. Qe3 Rd1+ 31. Kf2 Qh4+ 32. Qg3 Qf6 33. Ke2 Rd5 34. Qc3 Qf5 35. h3 h5 36. Qc2 1/2-1/2